00287nam a2200121Ia 4500008004100000041000900041082001500050100001800065245003000083260003600113300000800149650000800157230718s9999 xx 000 0 und d aEng. a823bFAS-E aFassukhi Asef 0aErres in an Autumn Garden aPakistanboxford une freec1997 a407 aLaw